| 000 | 00860nam a22002177a 4500 | ||
|---|---|---|---|
| 999 |
_c8257 _d8257 |
||
| 003 | AR-CdUCM | ||
| 008 | 190322b ||||| |||| 00| 0 spa d | ||
| 040 |
_aMUNICIPALIDAD PROVINCIAL DEL CUSCO _cBIBLIOTECA MUNICIPAL DEL CUSCO |
||
| 082 |
_a333.79061/ _bB41 |
||
| 100 |
_aBenavente García, Jean Paul _923236 |
||
| 245 |
_aEnergía y Desarrollo sustentable : _bcaso Cusco / |
||
| 260 |
_aLima : _bCentro de Asesoría Laboral del Perú, _c2005. |
||
| 300 |
_a98 páginas ; _bgráficos, cuadros, _c22 cm. |
||
| 500 | _aEstudio de la economía peruana en Cusco. | ||
| 505 | _aContenido: Dinámica económica de la región -- Potencialidad del recurso identificado -- ¿Que hacer con los recursos del gas? -- | ||
| 650 |
_aPolítica energética _923237 |
||
| 650 |
_aPerú _935 |
||
| 650 |
_aDesarrollo económico _91696 |
||
| 942 |
_2ddc _cLIBROS |
||
| 945 | _aachl | ||